| 000 | 01069nam a22002897a 4500 | ||
|---|---|---|---|
| 001 | 3389 | ||
| 003 | FISKH | ||
| 005 | 20250815122954.0 | ||
| 008 | 240301b cb ||||| |||| 00| 0 eng d | ||
| 020 | _a9780545448949 | ||
| 040 |
_aFISKH _beng _cFISKH _dFISKH |
||
| 050 | _aPZ7.R719445 | ||
| 082 | _a791.43 | ||
| 100 | _aRosenthal, Amy Krouse | ||
| 245 |
_aSpoon / _cby Amy Krouse Rosenthal ; illustrated by Scott Magoon |
||
| 250 | _aFirst Scholastic printing , January 2012 | ||
| 260 |
_aNew York : _bScholastic , _c2009 |
||
| 300 |
_a32 unnumbered pages : _bcolor illustrations ; _c22 cm . |
||
| 505 | _aK | ||
| 520 | _aSpoon's always been a happy little utensil. But lately, he feels like life as a spoon just isn't cutting it. He thinks Fork, Knife, and The Chopsticks all have it so much better than him. But do they? And what do they think about Spoon? | ||
| 521 | 8 |
_a520
_bLexile |
|
| 521 | 8 |
_aK
_bRaz-Plus |
|
| 600 |
_2spoons _vFiction |
||
| 650 |
_aFood _vFiction |
||
| 700 |
_aMagoon, Scott _eillustrator |
||
| 942 |
_2ddc _cBK _n0 |
||
| 999 |
_c3389 _d3389 |
||